Statistiques concernant Communes de l'arrondissement de Mulhouse

Cliquez ici pour prendre le quiz!

Statistiques générales

  • Ce quiz a été pris 154 fois
  • Le résultat moyen est 24 sur 75

Réponses sur la Carte

Les réponses sont colorées sur une échelle allant du rouge au vert en fonction du pourcentage des utilisateurs qui les ont devinées à leur premier essai. Vous pouvez retrouver ces pourcentages ci-dessous.
 

Statistiques - réponses

Code INSEECommune/Gmeinde% Correct
68224Mulhouse
88%
68154Illzach
81%
68278Rixheim
77%
68166Kingersheim
73%
68376Wittenheim
71%
68271Riedisheim
70%
68195Lutterbach
68%
68300Sausheim
65%
68056Brunstatt
63%
68118Habsheim
63%
68256Pfastatt
61%
68297Saint-Louis
57%
68070Didenheim
53%
68163Kembs
50%
68218Morschwiller-le-Bas
47%
68384Zillisheim
45%
68309Sierentz
44%
68253Ottmarsheim
43%
68048Bourtzwiller
41%
68149Huningue
41%
68015Baldersheim
38%
68174Landser
38%
68021Bartenheim
37%
68254Petit-Landau
37%
68022Battenheim
36%
68267Reiningue
34%
68270Richwiller
34%
68386Zimmersheim
34%
68055Bruebach
33%
68064Chalampé
32%
68135Hésingue
32%
68238Niffer
32%
68042Blotzheim
31%
68084Eschentzwiller
30%
68289Ruelisheim
28%
68144Hombourg
27%
68349Village-Neuf
27%
68020Bantzenheim
26%
68072Dietwiller
26%
68093Flaxlanden
24%
68286Rosenau
24%
68301Schlierbach
24%
68341Uffheim
24%
68323Steinbrunn-le-Bas
22%
68324Steinbrunn-le-Haut
22%
68101Galfingue
21%
68170Kœtzingue
20%
68265Rantzwiller
19%
68103Geispitzen
18%
68126Hégenheim
18%
68129Heimsbrunn
18%
68160Kappelen
18%
68263Ranspach-le-Bas
18%
68132Helfrantzkirch
17%
68094Folgensbourg
16%
68207Michelbach-le-Bas
16%
68208Michelbach-le-Haut
16%
68264Ranspach-le-Haut
16%
68120Hagenthal-le-Bas
15%
68182Leymen
15%
68013Attenschwiller
14%
68054Brinckheim
14%
68121Hagenthal-le-Haut
14%
68197Magstatt-le-Bas
14%
68198Magstatt-le-Haut
14%
68232Neuwiller
14%
68168Knœringue
12%
68061Buschwiller
11%
68357Waltenheim
11%
68382Zaessingue
11%
68047Bourgfelden
10%
68327Stetten
10%
68362Wentzwiller
10%
68353Wahlbach
9%
68183Liebenswiller
8%

Distribution des résultats

Percentile par nombre de réponses

% des personnes avec chaque résultat

Votre développement - résultats

Vous n’avez pas pris ce quiz